000 00480nam a2200181Ia 4500
001 8052
005 20260306160540.0
008 260306t2017||||xx |||||||||||||| ||spa||
041 _aESP
082 _a370.1
_bF39
100 _aFernández Liria, Carlos
_eAUT
245 0 _aEscuela o barbarie:
_bentre el neoliberalismo salvaje y el delirio de la izquierda
260 _c2017
300 _a428 páginas :
_c22 cm.
650 _aGEN
654 _aCED
942 _cLIB
_dJUS
_fJUS
_2ddc
_n
999 _c8052
_d8052